000 00554nam a22002057a 4500
003 OSt
005 20220707033614.0
008 170221b xxu||||| |||| 00| 0 eng d
020 _a9780176502423
040 _aMMU
_beng
_cMMU
_dMMU
050 _aHB172.5 .M363 2011
100 _aMankiw Gregory N
245 _aPrinciples of macroeconomics:
_cN. Gregory Mankiw ...{et al .}.
250 _a5th ed.
260 _aToronto:
_bNelson,
_c2011.
300 _axxix,469p.:
_bill.:
500 _aIncludes index
650 _aprinciples
942 _2lcc
_cLOAN LOAN
999 _c23325
_d23325